| 000 | 00586cam a22002053a 4500 | ||
|---|---|---|---|
| 001 | 39101 | ||
| 003 | PGUSA | ||
| 005 | 20140828083851.0 | ||
| 008 | 120311s2012||||xxu|||||s|||||000 | eng d | ||
| 040 |
_aPGUSA _beng |
||
| 042 | _adc | ||
| 100 | 1 |
_aSand, George, _d1804-1876 |
|
| 245 | 1 | 0 |
_aHistoire de ma Vie, Livre 1 (Vol.1 to 4) _h[electronic resource] / _cGeorge Sand |
| 260 |
_bProject Gutenberg, _c2012 |
||
| 506 | _aPublic domain in the USA. | ||
| 516 | _aElectronic text | ||
| 830 | 0 |
_aProject Gutenberg _v39101 |
|
| 856 | 4 | 0 | _uhttp://www.gutenberg.org/ebooks/39101 |
| 942 | _cEB | ||
| 999 |
_c268354 _d268354 |
||